=LDR 00000nam 2200000 4500 =001 INLIS000000000047895 =005 20160302144145.0 =006 =007 =008 =035 ##$$0010-031600000000008 =040 ##$$a NBPDMAT =082 ##$$a 808.87 =090 ##$$a 808.87$bBen h =100 ##$$a Benfield, Derek =245 ##$$a Horror frei haus (beyod a joke) Komodie in 2 akten von / derek Benfield =260 ##$$a Germany $b Reuninger $c 19.? =300 ##$$a 80 hlm. ; 20 cm =650 ##$$a Cerita Humor =850 ##$$a NBPDMAT =990 ##$$a 31500701 =990 ##$$a 31500701/BPAP-NTB/2016